| 000 | 00517nam a2200181Ia 4500 | ||
|---|---|---|---|
| 005 | 20250714142828.0 | ||
| 008 | 008 250516s9999 xx 000 0 eng d | ||
| 020 | _a9781538126837 | ||
| 040 |
_beng _cSDCL |
||
| 041 |
_aeng _2eng |
||
| 084 | _aQ2 R3 | ||
| 100 |
_aSengupta, Hindol _9461377 |
||
| 245 | 0 |
_aSoul and sword : _bThe endless battle over political hinduism |
|
| 260 |
_aLanham: _bRowman & Littlefield Publishers, _c2023. |
||
| 300 | _axv,203p. | ||
| 650 | _aPolitical Science | ||
| 942 |
_cTEXL _2CC |
||
| 999 |
_c1429618 _d1429618 |
||